Historia de la antigua ciudad de Sisapón, hoy Almaden del Azogue / (Record no. 162428)

MARC details
000 -LEADER
campo de control de longitud fija 00812nam a22002055i 4500
001 - NÚMERO DE CONTROL
campo de control 162428
003 - IDENTIFICADOR DE NÚMERO DE CONTROL
campo de control ES-MaACL
005 - FECHA Y HORA DE LA ÚLTIMA TRANSACCIÓN
campo de control 20230906212525.0
008 - DATOS DE LONGITUD FIJA--INFORMACIÓN GENERAL
campo de control de longitud fija 990727s1900 sp |||| | spa d
040 ## - FUENTE DE CATALOGACIÓN
Centro catalogador/agencia de origen CCPB | B
Lengua de catalogación spa
Centro/agencia transcriptor CCPB | B
100 1# - ENTRADA PRINCIPAL--NOMBRE DE PERSONA
Nombre de persona Pontes y Fernández, José María.
9 (RLIN) 131274
245 10 - MENCIÓN DEL TÍTULO
Título Historia de la antigua ciudad de Sisapón, hoy Almaden del Azogue /
Mención de responsabilidad, etc. por José María Pontes y Fernández.
260 ## - PUBLICACIÓN, DISTRIBUCIÓN, ETC.
Lugar de publicación, distribución, etc. Marrid [i.e. Madrid] :
Nombre del editor, distribuidor, etc. [s.n.],
Fecha de publicación, distribución, etc. 1900 (
Fabricante imprenta y fotograbado de Enrique Rojas)
300 ## - DESCRIPCIÓN FÍSICA
Extensión [8], 285, [9] p., [1] h. de grab. pleg., [3] h. de grab. ;
Dimensiones 24 cm.
599 #1 - NOTA A LAS ILUSTRACIONES
NOTA A LAS ILUSTRACIONES 1 H. de fotograb. pleg. bl. y n.
599 #1 - NOTA A LAS ILUSTRACIONES
NOTA A LAS ILUSTRACIONES 3 H. de fot. bl. y n.
651 #4 - PUNTO DE ACCESO ADICIONAL DE MATERIA--NOMBRE GEOGRÁFICO
Nombre geográfico Almadén (Ciudad Real)-
Subdivisión general Historia.
9 (RLIN) 137026
752 ## - ENTRADA AGREGADA--NOMBRE JERÁRQUICO DEL LUGAR
País o entidad superior España -
Ciudad Madrid
852 ## - LOCALIZACIÓN
Ubicación ES-MaACL
Número de control de estantería G-179
Nota libre -- Rúst.
Holdings
Estatus retirado Estado de pérdida Estado de daño No para préstamo Colección Biblioteca de origen Biblioteca actual Ubicación en estantería Fecha de adquisición Fuente de adquisición Total de préstamos Signatura topográfica completa Código de barras Visto por última vez Precio de reemplazo Tipo de ítem Koha
        Libros del s. XIX Biblioteca del Ateneo de Madrid Biblioteca del Ateneo de Madrid Depósito 2 17/01/2008     G-179 1170164 23/02/2023 23/02/2023 Libro impreso antiguo